=LDR 00000nam 2200000 4500 =001 INLIS000000000022962 =005 20141024095915.0 =006 =007 =008 Ind =035 ##$$a 0010-061300000022962 =041 ##$$a Ind =082 ##$$a 745.5 =090 ##$$a 745.5, Ded-k =100 ##$$a Deddy, M =245 ##$$a Kreasi sanggul pengantin modern, M. Deddy =250 ##$$a Seri kreasi tata rambut =260 ##$$a 2005 $b Jakarta =300 ##$$a 66 hlm., ilus., 26 cm =650 ##$$a Ilmu tata rias penganten =850 ##$$a NBPNMAT